00830nas a2200229Ia 4500001001100000003000900011008004100020040001300061040001300074041001300087100004500100210003000145222003000175245010200205250001100307260004100318501008600359300001700445362004100462500004000503650005700543R114/44704IT-RoPAU151124c99999999xx |||||||||||| ||und|| aIT-RoPAU cIT-RoPAU aFRANCESE aDurand JacquesgCodice Aut. SPICS: 18311 aDOSSIERS DE L'AUDIOVISUEL aDossiers De L'Audiovisuel aDOSSIERS DE L'AUDIOVISUEL, ANNO 01-N.002 (LUGLIO/AGOSTO 1985)bFrance: Des Organismes En Mutation a1a ed. aPARISbDOCUMENTATION FRANCAISEc1985 bPaulus - SPICS - Società San Paolo EM (non-commercial uses only)cCopyright2015 a2 p. [20-21] aANNO 001, N.002 (LUGLIO/AGOSTO 1985) aOrganismi-In-Cambiamento-In-Francia aCOMUNICAZIONE - AUDIOVISIVOvPUBBLICAZIONE PERIODICA